Patterns in Java : a catalog of reusable design patterns illustrated with UML. Vol. 1 /

Bibliographic Details
Main Author: Grand, Mark
Corporate Author: NetLibrary, Inc
Format: eBook
Language:English
Published: Indianapolis, Ind. : Wiley Pub., [2002]
Edition:2nd ed.
Subjects:
Online Access:Connect to the full text of this electronic book

MARC

Tag First Indicator Second Indicator Subfields
LEADER 00000cam a2200000Ia 4500
001 in00001854721
005 20190325111150.0
006 m d
007 cr cn|
008 030529s2002 inua sb 001 0 eng d
020 |a 0471449334 (electronic bk.) 
020 |a 9780471449331 (electronic bk.) 
035 |a (OCoLC)ocm52337897 
035 |a (OCoLC)52337897 
040 |a N$T  |c N$T  |d OCLCQ  |d UtOrBLW 
049 |a TXAM 
050 1 4 |a QA76.76.P37  |b G73 2002eb 
082 0 4 |a 005.13/3  |2 21 
100 1 |a Grand, Mark. 
245 1 0 |a Patterns in Java :  |b a catalog of reusable design patterns illustrated with UML.  |n Vol. 1 /  |c Mark Grand. 
250 |a 2nd ed. 
264 1 |a Indianapolis, Ind. :  |b Wiley Pub.,  |c [2002] 
264 4 |c ©2002 
300 |a x, 580 pages :  |b illustrations ;  |c 24 cm. 
336 |a text  |b txt  |2 rdacontent 
337 |a computer  |b c  |2 rdamedia 
338 |a online resource  |b cr  |2 rdacarrier 
504 |a Includes bibliographical references (pages 567-568) and index. 
533 |a Electronic reproduction.  |b Boulder, Colo. :  |c NetLibrary,  |d 2003.  |n Available via World Wide Web.  |n Access may be limited to NetLibrary affiliated libraries.  |n This NetLibrary eBook is part of a multivolume set, not all volumes may be available in eBook format. 
500 |a Electronic resource. 
650 0 |a Java (Computer program language) 
650 0 |a UML (Computer science) 
650 0 |a Software patterns. 
655 7 |a Electronic books.  |2 local 
710 2 |a NetLibrary, Inc. 
776 1 |c Original  |z 0471227293 
856 4 0 |u http://proxy.library.tamu.edu/login?url=http://www.netLibrary.com/urlapi.asp?action=summary&v=1&bookid=81955  |z Connect to the full text of this electronic book  |t 0 
994 |a 92  |b TXA 
999 |a MARS 
999 f f |s fe9160a7-eeb8-3b00-8f34-0f65eee8e5ea  |i b442700d-8732-39c0-b386-a13f92645501  |t 0 
952 f f |a Texas A&M University  |b College Station  |c Electronic Resources  |d Available Online  |t 0  |e QA76.76.P37 G73 2002eb  |h Library of Congress classification 
998 f f |a QA76.76.P37 G73 2002eb  |t 0  |l Available Online